000
00325nam a2200121Ia 4500
008
220204s9999 xx 000 0 und d
082
_a
681.31(038)INT
_b
PFA
100
_a
Pfaffenberger, B
245
0
_a
Que's computer & internet dictionary
250
_a
Ed.6
260
_a
New Delhi
_b
Prentie-Hall of India
_c
1998
942
_c
BK
999
_c
41394
_d
41394